Central Library OPAC University of Rajshahi

The arts and the art of criticism / (Record no. 63590)

MARC details
000 -LEADER
fixed length control field 00797cam a2200253 4500
001 - CONTROL NUMBER
control field 63590
003 - CONTROL NUMBER IDENTIFIER
rucl marc code BD-RjUL
005 - DATE AND TIME OF LATEST TRANSACTION
control field 20211209081219.0
008 - FIXED-LENGTH DATA ELEMENTS--GENERAL INFORMATION
fixed length control field 721206r1952 xxuaf 001 0 eng
035 ## - SYSTEM CONTROL NUMBER
System control number (BD-RjUL)63719
040 ## - CATALOGING SOURCE
Original cataloging agency DLC
Transcribing agency WSU
Modifying agency OCL
-- BD-RjUL
Language of cataloging eng
041 ## - LANGUAGE CODE
Language code of text/sound track or separate title eng
082 ## - DEWEY DECIMAL CLASSIFICATION NUMBER
Classification number 701.18
Edition number 23
Author mark and year GRA 1952
100 1# - MAIN ENTRY--PERSONAL NAME
Personal name Greene, Theodore Meyer,
Dates associated with a name 1897-1969.
9 (RLIN) 188987
245 14 - TITLE STATEMENT
Title The arts and the art of criticism /
Statement of responsibility, etc. Theodore Meyer Greene.
260 ## - PUBLICATION, DISTRIBUTION, ETC. (IMPRINT)
Place of publication, distribution, etc. Princeton :
Name of publisher, distributor, etc. Princeton University Press,
Date of publication, distribution, etc. 1940 [printing 1952].
300 ## - PHYSICAL DESCRIPTION
Pagination xxxii, 690 p. :
Illustrations ill. ;
Size 24 cm.
500 ## - GENERAL NOTE
General note Includes music.
650 #0 - SUBJECT ADDED ENTRY--TOPICAL TERM
Topical term or geographic name as entry element Art
General subdivision Philosophy.
9 (RLIN) 184932
Topical term or geographic name as entry element Aesthetics.
9 (RLIN) 176839
Topical term or geographic name as entry element Criticism.
9 (RLIN) 170811
Topical term or geographic name as entry element Music
General subdivision Philosophy and aesthetics.
9 (RLIN) 185312
942 ## - ADDED ENTRY ELEMENTS (KOHA)
Source of classification or shelving scheme Dewey Decimal Classification
Koha item type Books
Holdings
Lost status Source of classification or shelving scheme Damaged status Not for loan Collection code Permanent Location Current Location Shelving location Date acquired Source of acquisition Cost, normal purchase price Total Checkouts Full call number Date last seen Copy number Koha item type
  Dewey Decimal Classification   Not For Loan Non-fiction Central Library, University of Rajshahi Central Library, University of Rajshahi Reading Room 18/05/1957 Publisher Ltd. 65.00   701.18 GRA 1952 31/01/2017 C-1 Books